| 000 | 00506nam a2200157Ia 4500 | ||
|---|---|---|---|
| 008 | 191206s9999 xx 000 0 und d | ||
| 020 | _a9781260098280 | ||
| 100 | _aKottak, Conrad Phillip | ||
| 245 |
_cConrad Phillip Kottak _aAnthropology: _bappreciating human diversity/ |
||
| 250 | _a18th ed. | ||
| 260 |
_aNY: _bMcGrawHill Education _c2019 |
||
| 300 |
_axxxii, 501 p. ; _bcol. ill. : _c28 cm. |
||
| 500 | _aIncludes index and bibliographical references | ||
| 650 | _aAnthropology | ||
| 650 | _aEthnology | ||
| 999 |
_c362830 _d362830 |
||